| Tag |
First Indicator |
Second Indicator |
Subfields |
| LEADER |
00000nam a2200000Ia 4500 |
| 001 |
in00004298613 |
| 005 |
20200810082613.0 |
| 006 |
m g d |
| 007 |
cr bn |||a|bb| |
| 008 |
860429s1696 enk o 00| | eng d |
| 035 |
|
|
|a (OCoLC)13506520
|
| 040 |
|
|
|a EAA
|c EAA
|d UMI
|d WaOLN
|
| 037 |
|
|
|a CL0037000013
|b ProQuest Information and Learning. 300 N. Zeeb Rd., Ann Arbor, MI 48106
|
| 049 |
|
|
|a UMIA
|
| 100 |
1 |
|
|a Lansdowne, George Granville,
|c Baron,
|d 1667-1735.
|
| 245 |
1 |
4 |
|a The she-gallants, a comedy :
|b as it is acted at the theatre in Little-Lincoln-Inn-Fields, by His Majesty's servants.
|
| 260 |
|
|
|a London :
|b Printed for Henry Playford ... and Benj. Tooke ...,
|c 1696.
|
| 300 |
|
|
|a 1 online resource ([8], 75, [1] pages)
|
| 336 |
|
|
|a text
|b txt
|2 rdacontent
|
| 337 |
|
|
|a computer
|b c
|2 rdamedia
|
| 338 |
|
|
|a online resource
|b cr
|2 rdacarrier
|
| 500 |
|
|
|a Altered by the author and published in his works, 1732 under title: Once a lover; and always a lover.
|
| 500 |
|
|
|a Attributed to George Granville Lansdowne. Cf. NUC pre-1956.
|
| 500 |
|
|
|a Reproduction of original in Huntington Library.
|
| 510 |
4 |
|
|a Wing
|c L423
|
| 510 |
4 |
|
|a Arber's Term cat.
|c II 569
|
| 533 |
|
|
|a Electronic reproduction.
|b Ann Arbor, Mich. :
|c UMI,
|d 1999-
|f (Early English books online)
|n Digital version of: (Early English books, 1641-1700 ; 461:22)
|7 s1999 miun s
|
| 740 |
0 |
|
|a Once a lover; and always a lover.
|
| 830 |
|
0 |
|a Early English books online.
|
| 856 |
4 |
0 |
|u http://proxy.library.tamu.edu/login?url=https://search.proquest.com/docview/2240950559
|z Connect to the full text of this electronic book
|t 0
|
| 999 |
f |
f |
|s 889f40c7-daff-305b-866a-310af2016cd1
|i bce2849f-1ccf-3fae-8d69-66a196524277
|t 0
|
| 952 |
f |
f |
|a Texas A&M University
|b College Station
|c Electronic Resources
|d Available Online
|t 0
|h No information provided
|
| 998 |
f |
f |
|t 0
|l Available Online
|